| 000 | 01154cam a2200313 a 4500 | ||
|---|---|---|---|
| 001 | 14909221 | ||
| 003 | OSt | ||
| 005 | 20211102084149.0 | ||
| 008 | 070629s2008 nyuab b 001 0 eng | ||
| 010 | _a 2007027193 | ||
| 020 | _a9780393928976 (pbk.) | ||
| 020 | _a0393928977 (pbk.) | ||
| 035 | _a(OCoLC)ocn154677652 | ||
| 035 |
_a(OCoLC)154677652 _z(OCoLC)150357295 |
||
| 040 |
_aDLC _chu _dYDX _dBAKER _dBTCTA _dYDXCP _dDLC |
||
| 050 | 0 | 0 |
_aJZ1305 _b.M56 2008 |
| 082 | 0 | 0 |
_a327 _222 |
| 100 | 1 |
_aMingst, Karen A., _d1947- _916542 |
|
| 245 | 1 | 0 |
_aEssentials of international relations / _cKaren A. Mingst. |
| 250 | _a4th ed. | ||
| 260 |
_aNew York : _bW.W. Norton & Co., _cc2008. |
||
| 300 |
_axxiv, 368 p. : _bill., maps (some col.) ; _c24 cm. |
||
| 504 | _aIncludes bibliographical references and index. | ||
| 650 | 0 |
_aInternational relations. _915704 |
|
| 856 | 4 | 1 |
_3Table of contents only _uhttp://www.loc.gov/catdir/toc/ecip0722/2007027193.html |
| 906 |
_a7 _bcbc _corignew _d1 _eecip _f20 _gy-gencatlg |
||
| 942 |
_2ddc _cBOOKS _n0 |
||
| 999 |
_c16197 _d16197 |
||